[Event "CHI-chT"]
[Site "Chile"]
[Date "2023.11.09"]
[Round "5.4"]
[White "Barria Otey, Oscar Bairon"]
[Black "Cruz Leiva, Kamila Ignacia"]
[Result "1-0"]
[WhiteElo "1508"]
[BlackElo "1400"]
[PlyCount "77"]
[EventDate "2023.11.07"]
[EventType "team-tourn"]
[EventRounds "7"]
[EventCountry "CHI"]
[SourceTitle "CB46_2023"]
[SourceDate "2023.11.15"]
[SourceVersion "1"]
[SourceVersionDate "2023.11.15"]
[SourceQuality "1"]
[WhiteTeam "UACH"]
[BlackTeam "PUC"]
[WhiteTeamCountry "CHI"]
[BlackTeamCountry "CHI"]

1. e4 e6 2. b3 d5 3. Bb2 dxe4 4. Nc3 Nf6 5. Qe2 Be7 6. Nxe4 Nbd7 7. 0-0-0 0-0 8. g4 Nxe4 9. Qxe4 Bf6 10. d4 c5 11. Nf3 Qa5 12. Kb1 cxd4 13. Nxd4 Nc5 14. Qe3 e5 15. Nb5 Bxg4 16. Bc3 Qb6 17. Rd6 Rfd8 18. Rxb6 Rd1+ 19. Kb2 axb6 20. Bg2 Rd7 21. Bxe5 Re8 22. f4 Bh4 23. Qc3 f6 24. Bd6 Re2 25. Bxc5 bxc5 26. Bf3 Bxf3 27. Qxf3 Red2 28. Qc3 b6 29. Qc4+ Kf8 30. f5 Bf2 31. Rf1 Rd8 32. Qf4 Bd4+ 33. Nxd4 R8xd4 34. Qb8+ Rd8 35. Qxb6 R2d6 36. Qxc5 Kf7 37. Re1 R8d7 38. Qc4+ Rd5 39. Rd1 1-0